| 000 | 01387nam a2200349Ia 4500 | ||
|---|---|---|---|
| 001 | ebr5001402 | ||
| 003 | CaPaEBR | ||
| 006 | m u | ||
| 007 | cr cn||||||||| | ||
| 008 | 900319s1990 enk sb 000 0 eng d | ||
| 010 | _z 90034969 | ||
| 020 | _z0415035740 | ||
| 040 |
_aCaPaEBR _cCaPaEBR |
||
| 035 | _a(OCoLC)179100981 | ||
| 050 | 1 | 4 |
_aDA563.5 _b.W53 1990eb |
| 082 | 0 | 4 |
_a941.081/092 _220 |
| 100 | 1 |
_aWinstanley, Michael J., _d1949- |
|
| 245 | 1 | 0 |
_aGladstone and the Liberal party _h[electronic resource] / _cMichael J. Winstanley. |
| 260 |
_aLondon ; _aNew York : _bRoutledge, _c1990. |
||
| 300 | _axi, 77 p. | ||
| 490 | 1 | _aLancaster pamphlets | |
| 504 | _aIncludes bibliographical references. | ||
| 533 |
_aElectronic reproduction. _bPalo Alto, Calif. : _cebrary, _d2013. _nAvailable via World Wide Web. _nAccess may be limited to ebrary affiliated libraries. |
||
| 600 | 1 | 0 |
_aGladstone, W. E. _q(William Ewart), _d1809-1898. |
| 610 | 2 | 0 |
_aLiberal Party (Great Britain) _xHistory _y19th century. |
| 650 | 0 |
_aLiberalism _zGreat Britain _xHistory _y19th century. |
|
| 651 | 0 |
_aGreat Britain _xPolitics and government _y1837-1901. |
|
| 655 | 7 |
_aElectronic books. _2local |
|
| 710 | 2 | _aebrary, Inc. | |
| 830 | 0 | _aLancaster pamphlets. | |
| 856 | 4 | 0 |
_uhttp://site.ebrary.com/lib/rucke/Doc?id=5001402 _zAn electronic book accessible through the World Wide Web; click to view |
| 999 |
_c1175 _d1175 |
||